Kontury państw Europejskich według stolic (Bardzo Trudne +) - Statystyki

Ogólne statystyki
  • Ten quiz został rozwiązany 38 razy
    11 od ostatniego zresetowania
  • Średni wynik to 28 z 94
Statystyki odpowiedzi
Obrazkowy Odpowiedź % Poprawnych
Monako
57%
Moskwa
57%
Prisztina
57%
Rzym
57%
Warszawa
57%
Ankara
43%
Ateny
43%
Berlin
43%
Berno
43%
Bukareszt
43%
Edynburg
43%
Helsinki
43%
Kijów
43%
Kiszyniów
43%
Londyn
43%
Londyn
43%
Luksemburg
43%
Madryt
43%
Nikozja
43%
Oslo
43%
Paryż
43%
Praga
43%
Reykjavík
43%
Sarajewo
43%
Skopje
43%
Sofia
43%
Sztokholm
43%
Tirana
43%
Watykan
43%
Wilno
43%
Zagrzeb
43%
Amsterdam
29%
Andora
29%
Astana
29%
Baku
29%
Barcelona
29%
Belfast
29%
Belgrad
29%
Bratysława
29%
Bruksela
29%
Budapeszt
29%
Cagliari
29%
Cardiff
29%
Dublin
29%
Erywań
29%
Gibraltar
29%
Kopenhaga
29%
Lizbona
29%
Lublana
29%
Mińsk
29%
Monachium
29%
Nikozja
29%
Palermo
29%
Podgorica
29%
Ryga
29%
San Marino
29%
Tallinn
29%
Tbilisi
29%
Triest
29%
Tuluza
29%
Vaduz
29%
Valetta
29%
Wiedeń
29%
Aosta
14%
Batumi
14%
Cchinwali
14%
Czeboksary
14%
Czerkiesk
14%
Douglas
14%
Elista
14%
Grozny
14%
Iżewsk
14%
Joszkar-Oła
14%
Kazań
14%
Komrat
14%
Longyearbyen
14%
Maarianhamina
14%
Machaczkała
14%
Magas
14%
Majkop
14%
Nalczyk
14%
Nowy Sad
14%
Pietrozawodsk
14%
Saint Helier
14%
Saint Peter Port
14%
Sarańsk
14%
Suchumi
14%
Syktywkar
14%
Thorshavn
14%
Trydent
14%
Tyraspol
14%
Ufa
14%
Vitoria-Gasteiz
14%
Władykaukaz
14%
Nie znaleziono quizów pasujących do podanych kryteriów
Rozkład punktacji
Procent ludzi z każdym wynikiem
Percentyl według liczby udzielonych odpowiedzi
Twoja historia wyników
Nie rozwiązałeś tego quizu od ostatniego zresetowania